Synonyms and antonyms - Statistics

General Stats
  • This quiz has been taken 148 times
  • The average score is 13 of 15
Answer Stats
synonym antonym % Correct
Big Small
99%
Good Bad
98%
Up Down
98%
Yes No
98%
Happy Sad
98%
Brother Sister
97%
Right Left
96%
Wrong Right
94%
Tall Short
94%
Skinny Fat
92%
Unhealthy Healthy
92%
Mum Dad
90%
Smart Dumb
79%
Nice Mean
57%
Ari Seth
1%
No matching quizzes found
Score Distribution
Percent of People with Each Score
Percentile by Number Answered
Your Score History
You have not taken this quiz